Statistics for NFL Teams With Least Followers on TikTok

Click here to take the quiz!

General Stats

  • This quiz has been taken 22 times
    (5 since last reset)
  • The average score is 8 of 11

Answer Stats

Number of FollowersNFL Team% Correct
345,8KHouston Texans
100%
559.5KLas Vegas Raiders
100%
780.7KWashington Commanders
100%
854.8KArizona Cardinals
67%
1.0MAtlanta Falcons
67%
885.7KDenver Broncos
67%
820.2KGreen Bay Packers
67%
1.0MNew Orleans Saints
67%
849.5KNew York Jets
67%
1.0MCleveland Browns
33%
473.1KJacksonville Jaguars
33%

Score Distribution

Percentile by Number Answered

Percent of People with Each Score

Your Score History

You have not taken this quiz since the last reset